| 000 | 00356nam a2200121Ia 4500 | ||
|---|---|---|---|
| 001 | IA_4067,07/09/2007,07/09/2007,0000001985 mx A 0000000000spa00," | ||
| 002 | 10) | ||
| 008 | 220117s xx 000 0 und d | ||
| 010 | _a183443 | ||
| 090 | _aFOLLETO 2391 | ||
| 100 |
_aMayorquin López _9155637 |
||
| 650 |
_aMaíz _xCultivo _970925 |
||
| 999 |
_c183443 _d183443 |
||